Logistika
Saved in:
| Main Author: | |
|---|---|
| Other Authors: | , |
| Format: | Book |
| Language: | Czech German |
| Published: |
Praha
Victoria Publishing
1994
|
| Edition: | 1. vyd. |
| Subjects: | |
| Online Access: | View in OPAC |
| Tags: |
No Tags, Be the first to tag this record!
|
MARC
| LEADER | 00000nam a2200000 a 4500 | ||
|---|---|---|---|
| 005 | 20260127133951.0 | ||
| 008 | 060510s1994 xo cze d | ||
| 020 | |a 8085605872 (viaz.) |c 451.00 | ||
| 035 | |a vtls008731409 | ||
| 035 | |a POKPOH26570 | ||
| 039 | 9 | |a 200902120809 |b mschk03 |y 200605291358 |z VLOAD | |
| 040 | |a POKPOH |b slo |c POKPOH |d STUSCHK1 | ||
| 041 | 1 | |a cze |h ger | |
| 080 | |a 167 | ||
| 080 | |a 658 | ||
| 100 | 1 | |a Schulte, Christof | |
| 245 | 1 | |a Logistika |c Christof Schulte ; [z nemeckého originálu prel. Gustav Tomek, Adolf Baudyš] | |
| 250 | |a 1. vyd. | ||
| 260 | |a Praha |b Victoria Publishing |c 1994 | ||
| 300 | |a 301 s. viaz. | ||
| 650 | 0 | 7 | |a logistika (manažment) |2 POKPOH |
| 650 | 0 | 7 | |a výroba |2 POKPOH |
| 700 | 1 | |a Tomek, Gustav, |d 1935- |4 trl |9 661 | |
| 700 | 1 | |a Baudyš, Adolf |4 trl |9 493 | |
| 910 | |a pokpoh | ||
| 910 | |a SCHK95 | ||
| 919 | |a 80-85605-87-2 | ||
| 999 | |c 1086 |d 1086 | ||